Non-English speaking background girls and education : an annotated bibliography

Αποθηκεύτηκε σε:
Λεπτομέρειες βιβλιογραφικής εγγραφής
Κύριος συγγραφέας: Brown, Sarah
Μορφή: Βιβλίο
Γλώσσα:English
Δημοσίευση: Melbourne : Victorian Government Printing Service, 1984
Θέματα:
Ετικέτες: Προσθήκη ετικέτας
Δεν υπάρχουν, Καταχωρήστε ετικέτα πρώτοι!

MARC

LEADER 00000cam a2200000 i 4500
001 1/88391
008 970411s1984 eng d
020 |a 0-642-87321-6 
035 |a 1987  |b 1  |c Δωρεά  |l 10035488 
040 |a GR-MY-UA  |b gre  |e aacr 
041 0 |a eng 
082 0 |a 379.94 
100 1 |a Brown, Sarah. 
245 1 0 |a Non-English speaking background girls and education :  |b an annotated bibliography /  |c Sarh Brown 
260 |a Melbourne :   |b Victorian Government Printing Service,   |c 1984 
300 |a 84 p. 
650 0 0 |a Education  |x Social aspects  |z Australia. 
852 |a INST  |b RHODES  |e 19970411  |h 379.94 NON  |p 005400000144  |q 005400000144  |t BK  |y 0 
909 |a Ρ  |b 004025  |c 1987 
970 |z 2000/08/ΔΕΜΕΝΑΓΑΣ ΠΕΤΡΟΣ